| 000 | 00419nam a22001457a 4500 | ||
|---|---|---|---|
| 008 | 250515b |||||||| |||| 00| 0 eng d | ||
| 020 | _a9789789621866 | ||
| 050 |
_aQK617 _bK48 |
||
| 100 | _aKeta, J.N | ||
| 245 | _aIn Introduction to Muchroom Production in Nigeria | ||
| 260 |
_aKaduna _bABU Press Ltd. _c2016 |
||
| 300 |
_axi,120p. _bill. |
||
| 650 |
_aMushroom Production-Nigeria _vEdible Mushroom-Nigeria |
||
| 942 | _cBK | ||
| 999 |
_c3517 _d3517 |
||